Kody kreskowe losowych Państw - Statystyki

Ogólne statystyki
  • Ten quiz został rozwiązany 3 razy
  • Średni wynik to 7 z 30
Statystyki odpowiedzi
Kraj Kod % Poprawnych
Bułgaria 380
100%
Słowenia 383
100%
Chorwacja 385
100%
Rosja 460-469
100%
Estonia 474
100%
Litwa 477
100%
Białoruś 481
100%
Ukraina 482
100%
Wielka Brytania 500-509
100%
Belgia 540-549
100%
Portugalia 560
100%
Chiny 690-699
100%
Szwecja 730-739
100%
Liechtenstein 760-769
100%
Włochy 800-839
100%
Słowacja 858
100%
Dania 570-579
50%
Polska 590
50%
Holandia 870-879
50%
Austria 900-919
50%
Stany Zjednoczone 000-019, 030-039, 050-139
0%
Francja 300-379
0%
Monako 300-379
0%
Bośnia i Hercegowina 387
0%
Czarnogóra 389
0%
Niemcy 400-440
0%
Japonia 450-459,490-499
0%
Kirgistan 470
0%
Tajwan 471
0%
Łotwa 475
0%
Azerbejdżan 476
0%
Uzbekistan 478
0%
Sri Lanka 479
0%
Filipiny 480
0%
Turkmenistan 483
0%
Mołdawia 484
0%
Armenia 485
0%
Gruzja 486
0%
Kazachstan 487
0%
Tadżykistan 488
0%
Hong Kong 489
0%
Grecja 520-521
0%
Liban 528
0%
Cypr 529
0%
Albania 530
0%
Macedonia Pólnocna 531
0%
Malta 535
0%
Irlandia 539
0%
Luksemburg 540-549
0%
Islandia 569
0%
Grenlandia 570-579
0%
Wyspy Owcze 570-579
0%
Rumunia 594
0%
Węgry 599
0%
Republika Południowej Afryki 600-601
0%
Ghana 603
0%
Senegal 604
0%
Oman 607
0%
Bahrajn 608
0%
Mauritius 609
0%
Maroko 611
0%
Algieria 613
0%
Nigeria 615
0%
Kenia 616
0%
Kamerun 617
0%
Wybrzeże Kości Słoniowej 618
0%
Tunezja 619
0%
Tanzania 620
0%
Syria 621
0%
Egipt 622
0%
Brunei 623
0%
Libia 624
0%
Jordania 625
0%
Iran 626
0%
Kuwejt 627
0%
Arabia Saudyjska 628
0%
Zjednoczone Emiraty Arabskie 629
0%
Katar 630
0%
Namibia 631
0%
Finlandia 640-649
0%
Norwegia 700-709
0%
Izrael 729
0%
Gwatemala 740
0%
Salwador 741
0%
Honduras 742
0%
Nikaragua 743
0%
Kostaryka 744
0%
Panama 745
0%
Dominkana 746
0%
Meksyk 750
0%
Kanada 754-755
0%
Wenezuela 759
0%
Szwajcaria 760-769
0%
Kolumbia 770-771
0%
Urugwaj 773
0%
Peru 775
0%
Boliwia 777
0%
Argentyna 778-779
0%
Chile 780
0%
Paragwaj 784
0%
Ekwador 786
0%
Brazylia 789-790
0%
San Marino 800-839
0%
Watykan 800-839
0%
Andora 840-849
0%
Hiszpania 840-849
0%
Kuba 850
0%
Czechy 859
0%
Serbia 860
0%
Mongolia 865
0%
Korea Północna 867
0%
Turcja 868-869
0%
Korea Południowa 880
0%
Mjanma 883
0%
Kambodża 884
0%
Tajlandia 885
0%
Singapur 888
0%
Indie 890
0%
Wietnam 893
0%
Pakistan 896
0%
Indonezja 899
0%
Australia 930-939
0%
Nowa Zelandia 940-949
0%
Malezja 955
0%
Makau 958
0%
Nie znaleziono quizów pasujących do podanych kryteriów
Rozkład punktacji
Procent ludzi z każdym wynikiem
Percentyl według liczby udzielonych odpowiedzi
Twoja historia wyników
Nie rozwiązałeś tego quizu